000 00462nam a2200181Ia 4500
001 2948
005 20260306144844.0
008 260306t2004||||xx |||||||||||||| ||spa||
041 _aESP
082 _a261.83
_bV36
100 _aVásquez Ríos, Aldo
_eAUT
245 0 _aEl pensamiento social cristiano y sus desafíos en el Perú de hoy
260 _c2004
300 _a124 páginas :
_c21 cm.
650 _aGEN
654 _aCHU
942 _cLIB
_dJUS
_fJUS
_2ddc
_n
999 _c2948
_d2948